|
|
|
|
| LEADER |
01669nam a2200313 a 4500 |
| 001 |
0020927 |
| 003 |
BD-DhAAL |
| 008 |
110419s1987 bg w 000 0 eng d |
| 040 |
|
|
|a BD-DhAAL
|c BD-DhAAL
|
| 082 |
0 |
0 |
|a 348.5492046
|2 22
|
| 130 |
0 |
|
|a DLR
|9 4111
|
| 245 |
0 |
4 |
|a The Dhaka law reports :
|b a monthly law journal.
|n Volume XXXIX /
|c editor, Obaidul Huq Chowdhury,
|
| 246 |
1 |
7 |
|a The Dhaka Law Reports.
|
| 260 |
|
|
|a Dhaka :
|b Dhaka Law Reports,
|c 1987
|
| 300 |
|
|
|a 252,460,196 p. :
|c 25 cm
|
| 362 |
0 |
|
|a Vol. 39 (1987)
|
| 500 |
|
|
|a "A journal of law reports."
|
| 500 |
|
|
|a Latest issue consulted: Vol.XXXIX,January to December,1987
|
| 526 |
|
|
|a SOL
|x Saira Rahman Khan,
Associate Professor
School of Law
BRAC University
|
| 541 |
|
|
|e 0020927, 0022323
|a Anupam Gyan Bhandar
|
| 590 |
|
|
|a Published yearly.
|
| 650 |
|
0 |
|a Law reports, digests, etc.
|z Bangladesh.
|9 4112
|
| 700 |
1 |
|
|a Chowdhury, Obaidul Haque.
|9 1137
|
| 852 |
4 |
|
|a Ayesha Abed Library
|c Reference Section
|
| 942 |
|
|
|2 ddc
|c 1HOUR
|0 3
|
| 999 |
|
|
|c 10729
|d 10729
|
| 952 |
|
|
|0 0
|1 0
|2 ddc
|4 0
|6 348_549204600000000_DHA
|7 0
|8 REF
|9 16144
|a BRACUL
|b BRACUL
|c REF
|d 2011-04-19
|l 8
|o 348.5492046 DHA
|p 3010022323
|r 2018-07-16
|s 2018-07-16
|t 2
|w 2011-04-19
|y 1HOUR
|x Available
|
| 952 |
|
|
|0 0
|1 0
|2 ddc
|4 0
|6 348_549204600000000_DHA
|7 0
|8 REF
|9 24020
|a BRACUL
|b BRACUL
|c REF
|d 2014-03-24
|e Anupam Gyan Bhandar
|l 0
|o 348.5492046 DHA
|p 3010020927
|r 2014-03-24
|t 1
|w 2014-03-24
|y 1HOUR
|x Requisitioned by Saira Rahman Khan, Associate Professor, School of Law, BRAC University.
|
| 952 |
|
|
|0 0
|1 0
|2 ddc
|4 0
|6 348_549200000000000_046_DHA
|7 0
|8 REF
|9 54139
|a BRACUL
|b BRACUL
|c REF
|d 2015-06-08
|g 994.00
|l 9
|o 348.5492046 DHA
|p 3010029145
|r 2019-07-24
|s 2019-07-24
|t 3
|w 2015-06-08
|y 1HOUR
|